[Event "IECC CL2-2002.19"]
[Site "IECC email"]
[Date "2002.06.24"]
[Round "?"]
[White "McDonald, Graham R"]
[Black "Hughes, David M"]
[Result "0-1"]
[WhiteElo "1790"]
[BlackElo "2121"]
[PlyCount "56"]
[EventDate "2002.??.??"]
[EventType "tourn (corr)"]
[EventRounds "4"]
[SourceTitle "Corr 2008"]
[Source "ChessBase"]
[SourceDate "2008.06.24"]
[SourceVersion "1"]
[SourceVersionDate "2008.06.24"]
[SourceQuality "1"]

1. e4 e5 2. f4 exf4 3. Nf3 g5 4. h4 g4 5. Ne5 Nf6 6. Bc4 d5 7. exd5 Bd6 8. d4 Qe7 9. Bxf4 Nh5 10. g3 f6 11. Qe2 fxe5 12. dxe5 Bb4+ 13. c3 Bc5 14. Nd2 Nxf4 15. gxf4 Bf5 16. 0-0-0 Nd7 17. Ne4 Bxe4 18. Qxe4 0-0-0 19. b4 Bf2 20. d6 cxd6 21. Rxd6 Nb6 22. Be6+ Kb8 23. Rxd8+ Rxd8 24. Bxg4 Qc7 25. Rh3 Rd4 26. Qf5 Nc4 27. Rd3 Be3+ 28. Kc2 Rxf4 0-1

[Event "IECC M email"]
[Site "IECC email"]
[Date "2002.06.19"]
[Round "?"]
[White "Hughes, David M"]
[Black "Shchepetnev, Vasiliy"]
[Result "1-0"]
[WhiteElo "2104"]
[BlackElo "1915"]
[PlyCount "79"]
[EventDate "2002.??.??"]
[EventType "tourn (corr)"]
[EventRounds "6"]
[SourceTitle "Corr 2008"]
[Source "ChessBase"]
[SourceDate "2008.06.24"]
[SourceVersion "1"]
[SourceVersionDate "2008.06.24"]
[SourceQuality "1"]

1. c4 e5 2. Nc3 Nc6 3. Nf3 Nf6 4. e4 d6 5. d4 Bg4 6. d5 Nd4 7. Be3 Nxf3+ 8. gxf3 Bd7 9. Qb3 Qc8 10. Rg1 g6 11. 0-0-0 Bg7 12. c5 0-0 13. cxd6 cxd6 14. Kb1 Ne8 15. h4 Nf6 16. Rc1 Qb8 17. Nb5 Bxb5 18. Qxb5 Rc8 19. Bh3 Rc7 20. Rxc7 Qxc7 21. Rc1 Qe7 22. Qc4 Kf8 23. Bc8 b6 24. Qa4 Rb8 25. Rc6 Nh5 26. Qa6 Nf6 27. Bd2 Ne8 28. h5 gxh5 29. Bf5 Kg8 30. Qf1 Bf6 31. Qh3 Ng7 32. Bc8 h4 33. Qg2 Kh8 34. Qg4 Qd8 35. Bb4 Be7 36. f4 exf4 37. f3 Bf8 38. Ba6 Qf6 39. Rc1 Be7 40. Bc8 1-0

[Event "IECC M email"]
[Site "IECC email"]
[Date "2002.06.15"]
[Round "?"]
[White "Hughes, David M"]
[Black "Borst, John C"]
[Result "1-0"]
[WhiteElo "2068"]
[BlackElo "2143"]
[PlyCount "37"]
[EventDate "2002.??.??"]
[EventType "tourn (corr)"]
[EventRounds "6"]
[SourceTitle "Corr 2008"]
[Source "ChessBase"]
[SourceDate "2008.06.24"]
[SourceVersion "1"]
[SourceVersionDate "2008.06.24"]
[SourceQuality "1"]

1. c4 c6 2. d4 d5 3. Nd2 Bf5 4. Qb3 b6 5. cxd5 cxd5 6. Ngf3 e6 7. e4 dxe4 8. Bb5+ Nd7 9. Ne5 Ngf6 10. g4 e3 11. gxf5 exd2+ 12. Bxd2 Qe7 13. 0-0 a6 14. Bc6 Rc8 15. Rac1 Rd8 16. Rfe1 Nd5 17. Bxd7+ Rxd7 18. Rc8+ Rd8 19. Qa4+ 1-0

[Event "IECC M email"]
[Site "IECC email"]
[Date "2002.06.14"]
[Round "?"]
[White "Hughes, David M"]
[Black "Stoever, Ralph"]
[Result "1-0"]
[WhiteElo "2093"]
[BlackElo "2000"]
[PlyCount "45"]
[EventDate "2002.??.??"]
[EventType "tourn (corr)"]
[EventRounds "6"]
[SourceTitle "Corr 2008"]
[Source "ChessBase"]
[SourceDate "2008.06.24"]
[SourceVersion "1"]
[SourceVersionDate "2008.06.24"]
[SourceQuality "1"]

1. c4 c6 2. d4 d5 3. Nd2 Nf6 4. Ngf3 Bf5 5. Nh4 Bg6 6. Nxg6 hxg6 7. Qb3 Qc7 8. g3 e6 9. Bg2 Nbd7 10. 0-0 Bd6 11. Re1 0-0 12. e4 dxe4 13. Nxe4 Nxe4 14. Rxe4 e5 15. c5 Be7 16. f4 Bxc5 17. fxe5 Bb6 18. Bf4 Qd8 19. Rf1 Qe7 20. Bh3 Rfe8 21. e6 Nf8 22. exf7+ Qxf7 23. Qxf7+ 1-0

[Event "IECC M email"]
[Site "IECC email"]
[Date "2002.06.14"]
[Round "?"]
[White "Stoever, Ralph"]
[Black "Hughes, David M"]
[Result "0-1"]
[WhiteElo "1989"]
[BlackElo "2075"]
[PlyCount "54"]
[EventDate "2002.??.??"]
[EventType "tourn (corr)"]
[EventRounds "6"]
[SourceTitle "Corr 2008"]
[Source "ChessBase"]
[SourceDate "2008.06.24"]
[SourceVersion "1"]
[SourceVersionDate "2008.06.24"]
[SourceQuality "1"]

1. d4 d5 2. c4 e6 3. Nc3 c6 4. e3 Nf6 5. Nf3 Nbd7 6. Bd3 Bd6 7. 0-0 dxc4 8. Bxc4 0-0 9. e4 e5 10. Be3 exd4 11. Bxd4 Qc7 12. Rc1 Bf4 13. Rc2 Ne5 14. Nxe5 Bxe5 15. h3 Qd6 16. Rd2 b5 17. Be3 Qe7 18. Bd3 Bxc3 19. bxc3 Nxe4 20. Rb2 Bf5 21. Qf3 Bg6 22. Re1 Qa3 23. Rc2 Rae8 24. h4 Nxc3 25. Bxg6 hxg6 26. Rec1 b4 27. Qxc6 Nxa2 0-1

[Event "IECC M email"]
[Site "IECC email"]
[Date "2000.10.17"]
[Round "?"]
[White "Bass, Stanley"]
[Black "Hughes, David M"]
[Result "1-0"]
[WhiteElo "1955"]
[BlackElo "2061"]
[PlyCount "107"]
[EventDate "2000.??.??"]
[EventType "tourn (corr)"]
[EventRounds "2"]
[SourceTitle "Corr 2008"]
[Source "ChessBase"]
[SourceDate "2008.06.24"]
[SourceVersion "1"]
[SourceVersionDate "2008.06.24"]
[SourceQuality "1"]

1. d4 d5 2. c4 dxc4 3. Nc3 e5 4. Nf3 exd4 5. Qxd4 Qxd4 6. Nxd4 c6 7. Bf4 a6 8. e3 b5 9. Bxb8 Rxb8 10. Nxc6 Rb6 11. Nd4 Nf6 12. a4 Bb4 13. axb5 axb5 14. Be2 Ne4 15. Rc1 Ke7 16. 0-0 Bxc3 17. bxc3 Bb7 18. f3 Nd6 19. e4 Kf6 20. Rfe1 Ra8 21. Ra1 Rxa1 22. Rxa1 Ke5 23. g3 g5 24. Bf1 h6 25. Bh3 h5 26. Bg2 f5 27. exf5 Nxf5 28. Nc2 Kf6 29. g4 Ne7 30. gxh5 Nd5 31. Ra3 Nf4 32. Nd4 b4 33. cxb4 Rxb4 34. Bf1 Nxh5 35. Nc2 Rb1 36. Ne3 Bxf3 37. Ra6+ Kg7 38. Ra7+ Rb7 39. Ra5 Nf4 40. Rxg5+ Kh6 41. Rf5 Nh3+ 42. Bxh3 Be2 43. Rc5 Rb3 44. Kf2 Rb2 45. Bf5 Bd3+ 46. Kg3 Re2 47. Nxc4 Bxf5 48. Rxf5 Re1 49. Ne5 Rb1 50. Kg4 Re1 51. Rf6+ Kg7 52. Rg6+ Kh7 53. Re6 Kg7 54. h4 1-0

[Event "IECC M email"]
[Site "IECC email"]
[Date "2000.10.17"]
[Round "?"]
[White "Hughes, David M"]
[Black "Bass, Stanley"]
[Result "1-0"]
[WhiteElo "2049"]
[BlackElo "1976"]
[PlyCount "75"]
[EventDate "2000.??.??"]
[EventType "tourn (corr)"]
[EventRounds "2"]
[SourceTitle "Corr 2008"]
[Source "ChessBase"]
[SourceDate "2008.06.24"]
[SourceVersion "1"]
[SourceVersionDate "2008.06.24"]
[SourceQuality "1"]

1. c4 e5 2. e3 Nf6 3. Nc3 Bb4 4. Nf3 Bxc3 5. dxc3 e4 6. Nd4 0-0 7. Be2 c5 8. Nc2 d6 9. b3 Qc7 10. Ba3 Rd8 11. Qd2 Be6 12. 0-0 Nc6 13. Rfd1 Ne5 14. Qe1 d5 15. cxd5 Nxd5 16. c4 Nf6 17. h3 Rac8 18. Bb2 Nd3 19. Bxd3 exd3 20. Bxf6 gxf6 21. Na3 Qe5 22. f4 Qf5 23. Nb5 a6 24. Nc3 Qg6 25. Rd2 Kh8 26. e4 Bxh3 27. Nd5 Qg7 28. Qh4 Bg4 29. Rxd3 f5 30. e5 Rd7 31. a3 Rc6 32. Ra2 f6 33. Rad2 fxe5 34. fxe5 Rh6 35. Qg3 Qg5 36. Nf4 Rxd3 37. Rxd3 Kg8 38. Rd7 1-0

[Event "IECC M email"]
[Site "IECC email"]
[Date "2000.10.08"]
[Round "?"]
[White "Hughes, David M"]
[Black "Rodriguez, Alvaro"]
[Result "1-0"]
[WhiteElo "2026"]
[BlackElo "1992"]
[PlyCount "58"]
[EventDate "2000.??.??"]
[EventType "tourn (corr)"]
[EventRounds "2"]
[SourceTitle "Corr 2008"]
[Source "ChessBase"]
[SourceDate "2008.06.24"]
[SourceVersion "1"]
[SourceVersionDate "2008.06.24"]
[SourceQuality "1"]

1. e4 c5 2. Nf3 d6 3. d4 cxd4 4. Nxd4 Nf6 5. Nc3 a6 6. Bg5 e6 7. Be2 Be7 8. Qd3 h6 9. Bh4 b5 10. b4 Nbd7 11. Nc6 Ne5 12. Nxe5 dxe5 13. Qxd8+ Kxd8 14. a3 Bb7 15. 0-0-0+ Ke8 16. f3 Rc8 17. Kb2 Nh5 18. Bxe7 Kxe7 19. a4 Rc7 20. axb5 Rhc8 21. bxa6 Ba8 22. g3 Rxc3 23. Bd3 Nf6 24. Ra1 Nd7 25. Rhd1 Nb6 26. h4 f5 27. h5 Kf6 28. b5 R8c5 29. a7 Bb7 1-0

[Event "IECC STA email"]
[Site "IECC email"]
[Date "2000.06.13"]
[Round "?"]
[White "Hughes, David M"]
[Black "De Leeuw, Dirk"]
[Result "0-1"]
[WhiteElo "2041"]
[BlackElo "1980"]
[PlyCount "160"]
[EventDate "2000.??.??"]
[EventType "tourn (corr)"]
[EventRounds "6"]
[SourceTitle "Corr 2008"]
[Source "ChessBase"]
[SourceDate "2008.06.24"]
[SourceVersion "1"]
[SourceVersionDate "2008.06.24"]
[SourceQuality "1"]

1. e4 g6 2. d4 Bg7 3. Nf3 d6 4. Nc3 Nf6 5. Be2 0-0 6. 0-0 c6 7. Bf4 Nbd7 8. Qd2 Qa5 9. Rfd1 Re8 10. a3 Nf8 11. h3 Ne6 12. b4 Qc7 13. Bh6 d5 14. Bxg7 Nxg7 15. e5 Nd7 16. Qh6 Nf8 17. g4 a5 18. Bd3 f5 19. g5 f4 20. Qh4 Nfe6 21. Ne2 b5 22. Qh6 Rf8 23. Kg2 Nf5 24. Bxf5 Rxf5 25. Re1 Ng7 26. Qh4 Rf7 27. c3 Bd7 28. Nh2 Qa7 29. Rad1 f3+ 30. Nxf3 Raf8 31. Nfg1 Nf5 32. Qf4 Nd6 33. Qh4 Rxf2+ 34. Qxf2 Rxf2+ 35. Kxf2 Ne4+ 36. Ke3 Nxg5 37. h4 Ne4 38. Ra1 Bg4 39. Rf1 Kg7 40. a4 axb4 41. axb5 Qb7 42. bxc6 Qxc6 43. Ra7 Qe6 44. c4 Kh6 45. cxd5 Qxd5 46. Rxe7 Bf5 47. Nf3 Qb3+ 48. Kf4 Qd3 49. Re1 Nf2 50. Kg3 Nh3 51. Nf4 Nxf4 52. Kxf4 Be6 53. Re4 Bd5 54. Re3 Qc2 55. e6 Qf2 56. Rd7 Bxf3 57. Rxf3 Qxh4+ 58. Ke3 Qe1+ 59. Kd3 Qxe6 60. Rdf7 b3 61. Rf2 Qh3+ 62. R7f3 Qg4 63. Rf7 Kg5 64. Re2 h5 65. Rff2 Kh6 66. Rb2 g5 67. Rfe2 Qf5+ 68. Kc4 h4 69. Rxb3 Qf7+ 70. d5 Qf4+ 71. Kc5 g4 72. d6 h3 73. Rd3 Qf5+ 74. Kc4 Qc8+ 75. Kb4 Qd7 76. Kc3 Kg5 77. Kd2 Kg6 78. Kc3 Kh5 79. Re7 Qd8 80. d7 Qxe7 0-1

[Event "IECC CL3-2000.27"]
[Site "IECC email"]
[Date "2000.05.04"]
[Round "?"]
[White "Hughes, David M"]
[Black "Bass, Stanley"]
[Result "1/2-1/2"]
[WhiteElo "2092"]
[BlackElo "1842"]
[PlyCount "57"]
[EventDate "2000.??.??"]
[EventType "tourn (corr)"]
[EventRounds "4"]
[SourceTitle "Corr 2008"]
[Source "ChessBase"]
[SourceDate "2008.06.24"]
[SourceVersion "1"]
[SourceVersionDate "2008.06.24"]
[SourceQuality "1"]

1. c4 e5 2. Nc3 Nc6 3. Nf3 Nf6 4. e3 Bb4 5. Nd5 e4 6. Nxb4 Nxb4 7. a3 Nc6 8. Nd4 Nxd4 9. exd4 0-0 10. d3 Re8 11. dxe4 Nxe4 12. Be2 d5 13. 0-0 dxc4 14. Bxc4 Nd6 15. Bb3 Be6 16. Bf4 Bxb3 17. Qxb3 Nf5 18. Qxb7 Nxd4 19. Qxc7 Qxc7 20. Bxc7 Rac8 21. Bg3 Rc2 22. Rfe1 Rxe1+ 23. Rxe1 f6 24. Rb1 Kf7 25. f3 a6 26. f4 Ne2+ 27. Kf1 Kg6 28. Bf2 Nxf4 29. b4 1/2-1/2

[Event "IECC CL3-2000.26"]
[Site "IECC email"]
[Date "2000.04.29"]
[Round "?"]
[White "Bass, Stanley"]
[Black "Hughes, David M"]
[Result "1/2-1/2"]
[WhiteElo "1867"]
[BlackElo "2066"]
[PlyCount "66"]
[EventDate "2000.??.??"]
[EventType "tourn (corr)"]
[EventRounds "4"]
[SourceTitle "Corr 2008"]
[Source "ChessBase"]
[SourceDate "2008.06.24"]
[SourceVersion "1"]
[SourceVersionDate "2008.06.24"]
[SourceQuality "1"]

1. d4 d5 2. c4 dxc4 3. Nc3 e5 4. dxe5 Qxd1+ 5. Nxd1 Nc6 6. Bf4 Bb4+ 7. Nc3 Nge7 8. Nf3 Nd5 9. Bd2 Nxc3 10. bxc3 Bc5 11. e3 Bg4 12. Bxc4 Bxf3 13. gxf3 Nxe5 14. Be2 0-0-0 15. Rg1 g6 16. 0-0-0 Nd3+ 17. Bxd3 Rxd3 18. Kc2 Rhd8 19. Bc1 R3d5 20. Rxd5 Rxd5 21. f4 Bd6 22. h3 Kd7 23. e4 Rh5 24. Rg3 Ke6 25. Be3 Ra5 26. Kb3 Ra3+ 27. Kb2 f5 28. e5 Bf8 29. Rg1 Be7 30. f3 Ra4 31. Rd1 c5 32. h4 b5 33. Rh1 h5 1/2-1/2

[Event "IECC CL3-2000.26"]
[Site "IECC email"]
[Date "2000.04.29"]
[Round "?"]
[White "Hughes, David M"]
[Black "Leperlier, Gabriel"]
[Result "1-0"]
[WhiteElo "2050"]
[BlackElo "1764"]
[PlyCount "65"]
[EventDate "2000.??.??"]
[EventType "tourn (corr)"]
[EventRounds "4"]
[SourceTitle "Corr 2008"]
[Source "ChessBase"]
[SourceDate "2008.06.24"]
[SourceVersion "1"]
[SourceVersionDate "2008.06.24"]
[SourceQuality "1"]

1. c4 c5 2. Nc3 Nf6 3. Nf3 Nc6 4. d4 d5 5. dxc5 d4 6. Na4 e5 7. e3 Bg4 8. Qb3 Qc7 9. Be2 Ne4 10. Nxd4 Nxd4 11. exd4 Bxe2 12. Kxe2 exd4 13. Qb5+ Qc6 14. Qxc6+ bxc6 15. Bd2 Nxc5 16. Nxc5 Bxc5 17. b4 Be7 18. Kd3 Bf6 19. Rhe1+ Kd7 20. Rad1 Rab8 21. g4 h6 22. f4 g6 23. Rf1 Kd6 24. h4 c5 25. bxc5+ Kxc5 26. g5 Bd8 27. Rde1 Rb2 28. f5 hxg5 29. fxg6 fxg6 30. Re5+ Kc6 31. Re6+ Kd7 32. Rxg6 Rxh4 33. Rf7+ 1-0

[Event "IECC CL3-2000.24"]
[Site "IECC email"]
[Date "2000.04.21"]
[Round "?"]
[White "Hughes, David M"]
[Black "Perez, Maria Jose"]
[Result "1-0"]
[WhiteElo "2035"]
[BlackElo "1848"]
[PlyCount "49"]
[EventDate "2000.??.??"]
[EventType "tourn (corr)"]
[EventRounds "4"]
[SourceTitle "Corr 2008"]
[Source "ChessBase"]
[SourceDate "2008.06.24"]
[SourceVersion "1"]
[SourceVersionDate "2008.06.24"]
[SourceQuality "1"]

1. c4 c5 2. Nc3 Nf6 3. Nf3 d5 4. cxd5 Nxd5 5. e4 Nb4 6. a3 N4c6 7. Bc4 Nd4 8. d3 Nbc6 9. Nxd4 cxd4 10. Ne2 e6 11. 0-0 a6 12. f4 b5 13. Ba2 Bb7 14. f5 e5 15. f6 gxf6 16. Ng3 Rg8 17. Qh5 Rg6 18. Qxh7 Qc7 19. Nh5 Qe7 20. Rf3 Nb8 21. Nxf6+ Rxf6 22. Bg5 Nd7 23. Qh8 Rh6 24. Bxf7+ Qxf7 25. Bxh6 1-0

[Event "IECC CL3-2000.23"]
[Site "IECC email"]
[Date "2000.04.19"]
[Round "?"]
[White "Ventimiglia, Charles"]
[Black "Hughes, David M"]
[Result "1/2-1/2"]
[WhiteElo "1998"]
[BlackElo "2061"]
[PlyCount "137"]
[EventDate "2000.??.??"]
[EventType "tourn (corr)"]
[EventRounds "4"]
[SourceTitle "Corr 2008"]
[Source "ChessBase"]
[SourceDate "2008.06.24"]
[SourceVersion "1"]
[SourceVersionDate "2008.06.24"]
[SourceQuality "1"]

1. e4 c5 2. Nf3 d6 3. d4 cxd4 4. Nxd4 Nf6 5. Nc3 e5 6. Ndb5 a6 7. Na3 d5 8. exd5 b5 9. Qe2 Bd6 10. Nab1 Bb7 11. Bg5 Nbd7 12. Nd2 Qc7 13. Nde4 Nxe4 14. Nxe4 h6 15. Bh4 0-0 16. Rd1 f5 17. Nxd6 Qxd6 18. Qd2 Nb6 19. g4 Bxd5 20. Bg2 Qe6 21. gxf5 Qxf5 22. Bxd5+ Nxd5 23. Qxd5+ Kh7 24. Qd3 e4 25. Qd7 Qg6 26. Kf1 e3 27. Qd3 Rae8 28. Qxg6+ Kxg6 29. Re1 Re4 30. Bg3 Rb4 31. b3 Re4 32. Re2 Ree8 33. Kg2 exf2 34. Rxf2 Rxf2+ 35. Kxf2 b4 36. Rd1 Rc8 37. Rd6+ Kf5 38. Rxa6 Rxc2+ 39. Ke3 h5 40. Kd3 Rc3+ 41. Kd2 g5 42. Rb6 h4 43. Rb5+ Ke6 44. Be5 Rf3 45. Bd4 g4 46. Rxb4 g3 47. Be3 g2 48. Rg4 h3 49. a4 Kf5 50. Rg8 Ke4 51. Bc5 Rxb3 52. a5 Rb5 53. Bb6 Rb3 54. Kc2 Ra3 55. Kb2 Rd3 56. Rg4+ Kf5 57. Ra4 Rd6 58. Bg1 Ra6 59. Ra3 Kf6 60. Rf3+ Ke6 61. Rxh3 Rxa5 62. Rg3 Kf5 63. Rxg2 Ke4 64. h4 Kf3 65. Rg5 Ra4 66. h5 Rh4 67. Bc5 Kf4 68. Be7 Rh3 69. Bf6 1/2-1/2

[Event "IECC Swiss email"]
[Site "IECC email"]
[Date "2000.02.03"]
[Round "?"]
[White "Hughes, David M"]
[Black "Boissonnet, Carlos"]
[Result "1-0"]
[WhiteElo "2067"]
[BlackElo "2316"]
[PlyCount "57"]
[EventDate "2000.??.??"]
[EventType "tourn (corr)"]
[EventRounds "6"]
[SourceTitle "Corr 2008"]
[Source "ChessBase"]
[SourceDate "2008.06.24"]
[SourceVersion "1"]
[SourceVersionDate "2008.06.24"]
[SourceQuality "1"]

1. e4 d5 2. exd5 Nf6 3. Bb5+ Nbd7 4. c4 a6 5. Ba4 b5 6. cxb5 Nxd5 7. Nc3 Nc5 8. bxa6+ Nxa4 9. Qxa4+ Bd7 10. Qc4 Nb6 11. Qe4 Rxa6 12. Nf3 g6 13. 0-0 Bg7 14. d4 0-0 15. Re1 Re8 16. Bf4 Qc8 17. Be5 f6 18. Bf4 g5 19. Bg3 h5 20. h4 g4 21. Nd2 c5 22. Nd5 Nxd5 23. Qxd5+ Be6 24. Qxc5 Qxc5 25. dxc5 Rxa2 26. Rxa2 Bxa2 27. b4 e5 28. Ne4 Bd5 29. b5 1-0

[Event "IECC Y2KO email"]
[Site "IECC email"]
[Date "1999.10.14"]
[Round "?"]
[White "Edwards, Bevan J"]
[Black "Hughes, David M"]
[Result "0-1"]
[WhiteElo "1495"]
[BlackElo "1984"]
[PlyCount "56"]
[EventDate "1999.??.??"]
[EventType "tourn (corr)"]
[EventRounds "2"]
[SourceTitle "Corr 2008"]
[Source "ChessBase"]
[SourceDate "2008.06.24"]
[SourceVersion "1"]
[SourceVersionDate "2008.06.24"]
[SourceQuality "1"]

1. d4 d5 2. Nf3 Bf5 3. Bg5 f6 4. Bf4 g5 5. Bd2 Nd7 6. Nc3 e6 7. e3 Nh6 8. Be2 c6 9. 0-0 Qc7 10. a3 Bd6 11. h3 0-0-0 12. Bd3 g4 13. Bxf5 exf5 14. Nh4 gxh3 15. Qh5 hxg2 16. Nxg2 Ng4 17. f4 Rdg8 18. Qxf5 Rg6 19. Qd3 Rhg8 20. Qe2 f5 21. Rf3 Nh6 22. Rf2 Nb6 23. b3 Qg7 24. Qf3 Rg3 25. Qe2 Ng4 26. Qd3 Nxf2 27. Qxf5+ Kc7 28. Kf1 Rxg2 0-1

[Event "IECC TH-T email"]
[Site "IECC email"]
[Date "1999.08.27"]
[Round "?"]
[White "Hughes, David M"]
[Black "Rasalingam, Haran Tobias"]
[Result "0-1"]
[WhiteElo "2050"]
[BlackElo "1915"]
[PlyCount "44"]
[EventDate "1999.??.??"]
[EventType "match (corr)"]
[EventRounds "2"]
[SourceTitle "Corr 2008"]
[Source "ChessBase"]
[SourceDate "2008.06.24"]
[SourceVersion "1"]
[SourceVersionDate "2008.06.24"]
[SourceQuality "1"]

1. e4 c5 2. Nf3 d6 3. d4 cxd4 4. Nxd4 Nf6 5. Nc3 a6 6. Bg5 e6 7. Be2 Be7 8. Qd3 Nc6 9. Nxc6 bxc6 10. 0-0 h6 11. Bd2 e5 12. Qg3 g5 13. Bc4 Be6 14. Bxe6 fxe6 15. Rfd1 Qb6 16. Rab1 d5 17. exd5 exd5 18. Qxe5 Qxf2+ 19. Kh1 Rf8 20. Qe6 Qc5 21. Re1 Rd8 22. Qxc6+ Qxc6 0-1

[Event "IECC TH-T email"]
[Site "IECC email"]
[Date "1999.08.27"]
[Round "?"]
[White "Mayer, Eduardo"]
[Black "Hughes, David M"]
[Result "1-0"]
[WhiteElo "1873"]
[BlackElo "1986"]
[PlyCount "109"]
[EventDate "1999.??.??"]
[EventType "match (corr)"]
[EventRounds "2"]
[SourceTitle "Corr 2008"]
[Source "ChessBase"]
[SourceDate "2008.06.24"]
[SourceVersion "1"]
[SourceVersionDate "2008.06.24"]
[SourceQuality "1"]

1. e4 c5 2. Nf3 d6 3. d4 cxd4 4. Nxd4 Nf6 5. Nc3 a6 6. Be3 e5 7. Nb3 Be6 8. f3 d5 9. exd5 Bxd5 10. Nxd5 Nxd5 11. Bf2 Nc6 12. Qd2 Be7 13. Rd1 Nf4 14. g3 Ne6 15. Bh3 0-0 16. Bxe6 Qxd2+ 17. Nxd2 fxe6 18. c3 b5 19. Ke2 Rad8 20. Ne4 Rd5 21. Rd2 Na5 22. Rhd1 Nc4 23. Rxd5 exd5 24. Rxd5 Nxb2 25. Rxe5 Ba3 26. Bc5 Bxc5 27. Nxc5 Rd8 28. Re7 Kf8 29. Ra7 Re8+ 30. Ne4 Re6 31. Ke3 Rc6 32. h3 Na4 33. Kd4 h6 34. h4 Rc4+ 35. Kd3 Rc6 36. Ra8+ Ke7 37. h5 Kf7 38. Ra7+ Kf8 39. g4 Kg8 40. f4 Nb2+ 41. Kd4 Nc4 42. g5 hxg5 43. fxg5 Kf8 44. g6 Nb6 45. Rf7+ Kg8 46. Rb7 Rc4+ 47. Ke5 Nc8 48. Rd7 Kf8 49. Rd8+ Ke7 50. Rg8 Rxe4+ 51. Kxe4 Nd6+ 52. Kf4 Kf6 53. Rf8+ Ke7 54. h6 Kxf8 55. h7 1-0

[Event "IECC CL1-1999.11"]
[Site "IECC email"]
[Date "1999.06.21"]
[Round "?"]
[White "Hughes, David M"]
[Black "Hage, Henk H"]
[Result "1/2-1/2"]
[WhiteElo "2117"]
[BlackElo "2295"]
[PlyCount "71"]
[EventDate "1999.??.??"]
[EventType "tourn (corr)"]
[EventRounds "4"]
[SourceTitle "Corr 2008"]
[Source "ChessBase"]
[SourceDate "2008.06.24"]
[SourceVersion "1"]
[SourceVersionDate "2008.06.24"]
[SourceQuality "1"]

1. e4 e6 2. d4 d5 3. Nc3 Bb4 4. e5 c5 5. a3 Bxc3+ 6. bxc3 Ne7 7. Qg4 0-0 8. Nf3 Nbc6 9. Bd3 f5 10. exf6 Rxf6 11. Bg5 Rf7 12. Bxe7 Rxe7 13. Qh4 h6 14. 0-0 c4 15. Bg6 Bd7 16. Rfe1 Be8 17. Bxe8 Qxe8 18. Re3 e5 19. Nxe5 Nxe5 20. dxe5 Rxe5 21. Rae1 Rxe3 22. Rxe3 Qa4 23. Qd4 Qxa3 24. Qxd5+ Kh8 25. h3 Qb2 26. Qxc4 Qxc2 27. Qd4 b6 28. Re7 Qc1+ 29. Kh2 Qg5 30. Rb7 Qg6 31. c4 Qg5 32. f4 Qf6 33. Qxf6 gxf6 34. g4 Rc8 35. Rxa7 Rxc4 36. Kg3 1/2-1/2

[Event "IECC STA email"]
[Site "IECC email"]
[Date "1999.04.20"]
[Round "?"]
[White "Hughes, David M"]
[Black "Angus, George"]
[Result "1/2-1/2"]
[WhiteElo "2116"]
[BlackElo "2046"]
[PlyCount "67"]
[EventDate "1999.??.??"]
[EventType "tourn (corr)"]
[EventRounds "6"]
[SourceTitle "Corr 2008"]
[Source "ChessBase"]
[SourceDate "2008.06.24"]
[SourceVersion "1"]
[SourceVersionDate "2008.06.24"]
[SourceQuality "1"]

1. c4 c5 2. Nc3 g6 3. Nf3 Bg7 4. d4 cxd4 5. Nxd4 Nc6 6. e3 Nf6 7. Be2 0-0 8. 0-0 d6 9. b3 Qb6 10. Bb2 Bd7 11. Qd2 Qb4 12. Rad1 Rfe8 13. a3 Qb6 14. Na4 Qd8 15. Nxc6 Bxc6 16. Nc3 Qa5 17. Bd3 Qg5 18. f4 Qh5 19. h3 Qc5 20. b4 Qb6 21. f5 Rac8 22. Bc2 a5 23. Na4 Qc7 24. bxa5 Bxa4 25. Bxa4 Rf8 26. fxg6 hxg6 27. Bb3 Ne4 28. Qc2 Bxb2 29. Qxe4 e6 30. Rb1 Bxa3 31. Ba2 Qc6 32. Qf4 Bc5 33. Rb5 d5 34. Rd1 1/2-1/2

[Event "IECC CL2-1999.12"]
[Site "IECC email"]
[Date "1999.02.24"]
[Round "?"]
[White "Egold, Hans"]
[Black "Hughes, David M"]
[Result "1-0"]
[WhiteElo "1989"]
[BlackElo "2041"]
[PlyCount "53"]
[EventDate "1999.??.??"]
[EventType "tourn (corr)"]
[EventRounds "4"]
[SourceTitle "Corr 2008"]
[Source "ChessBase"]
[SourceDate "2008.06.24"]
[SourceVersion "1"]
[SourceVersionDate "2008.06.24"]
[SourceQuality "1"]

1. d4 d5 2. c4 dxc4 3. Nf3 c6 4. e3 b5 5. a4 Qc7 6. Nc3 Qb7 7. axb5 cxb5 8. b3 b4 9. Na4 Nd7 10. Bxc4 e6 11. d5 Ndf6 12. dxe6 Bxe6 13. Bxe6 fxe6 14. 0-0 Rd8 15. Qe2 Bd6 16. e4 Nxe4 17. Ng5 Nxg5 18. Bxg5 Ne7 19. Qxe6 h6 20. Bxe7 Qxe7 21. Qc4 Kf8 22. Rad1 Qe5 23. g3 Qe8 24. Rfe1 Be7 25. Rxd8 Qxd8 26. Nc5 Bxc5 27. Qxc5+ 1-0